| 000 | 00675nam a22001817a 4500 | ||
|---|---|---|---|
| 003 | BD-DhUL | ||
| 005 | 20170517172818.0 | ||
| 008 | 160127s2005 bg a|||| |||| 00| 0 ben d | ||
| 040 |
_aBD-DhUL _cBD-DhUL |
||
| 082 |
_a954.92 _bHUS |
||
| 100 | 1 | _aহক, মাসুদুল | |
| 245 | 0 | 0 |
_aস্বাধীনতার ঘোষণা : _cমাসুদুল হক _bমিথ ও দলিল / |
| 260 |
_aঢাকা : _bপ্রচিন্তা, _c২০০৫। |
||
| 300 |
_a৩৩৬পৃ. : _c২১ সেমি। _bচিত্র ; |
||
| 651 | 0 |
_aবাংলাদেশ _xইতিহাস। |
|
| 651 | 0 |
_aBangladesh _xHistory |
|
| 942 |
_2ddc _cBK |
||
| 999 |
_c198942 _d198942 |
||